| 000 | 00458nam a22001697a 4500 | ||
|---|---|---|---|
| 005 | 20260324122323.0 | ||
| 008 | 260324b |||||||| |||| 00| 0 eng d | ||
| 037 | _cDSWL | ||
| 040 |
_aDSWL _cDSWL |
||
| 100 | _aAmbedkar, B R | ||
| 245 | _aAnnihilation of caste | ||
| 260 |
_aNew Delhi, _bNarayan Publication, _c1936 |
||
| 300 | _a415p | ||
| 365 |
_aINR _b395 |
||
| 942 |
_2CC _cTEXL _n0 |
||
| 999 |
_c1758635 _d1758635 |
||